MARC details
| 000 -LEADER |
| campo de control de longitud fija |
02576cam a2200385 a 4500 |
| 003 - IDENTIFICADOR DE NÚMERO DE CONTROL |
| campo de control |
BJBSDDR |
| 005 - FECHA Y HORA DE LA ÚLTIMA TRANSACCIÓN |
| campo de control |
20230411090139.0 |
| 007 - CAMPO FIJO DE DESCRIPCIÓN FÍSICA--INFORMACIÓN GENERAL |
| campo de control de longitud fija |
ta |
| 008 - DATOS DE LONGITUD FIJA--INFORMACIÓN GENERAL |
| campo de control de longitud fija |
190910s2000 nyua b 001 0 eng |
| 020 ## - NÚMERO INTERNACIONAL ESTÁNDAR DEL LIBRO |
| Número Internacional Estándar del Libro |
0393047652 |
| 040 ## - FUENTE DE CATALOGACIÓN |
| Centro catalogador/agencia de origen |
DLC |
| Centro/agencia transcriptor |
DLC |
| Lengua de catalogación |
spa |
| 041 ## - CÓDIGO DE IDIOMA |
| Código de lengua del texto/banda sonora o título independiente |
spa |
| 043 ## - CÓDIGO DE ÁREA GEOGRÁFICA |
| Código de área geográfica |
n-us-ny |
| 050 00 - SIGNATURA TOPOGRÁFICA DE LA BIBLIOTECA DEL CONGRESO |
| Número de clasificación |
NA 6313 |
| Número de ítem |
B438g 2000 |
| 082 00 - NÚMERO DE LA CLASIFICACIÓN DECIMAL DEWEY |
| Número de clasificación |
725/.31/097471 |
| Número de edición |
21 |
| 100 1# - ENTRADA PRINCIPAL--NOMBRE DE PERSONA |
| Nombre de persona |
Belle, John. |
| 245 10 - MENCIÓN DEL TÍTULO |
| Título |
Grand Central : |
| Resto del título |
gateway to a million lives / |
| Mención de responsabilidad, etc. |
John Belle [and] Maxinne R. Leighton. |
| 250 ## - MENCION DE EDICION |
| Mención de edición |
1st ed. |
| 260 ## - PUBLICACIÓN, DISTRIBUCIÓN, ETC. |
| Lugar de publicación, distribución, etc. |
New York : |
| Nombre del editor, distribuidor, etc. |
Norton, |
| Fecha de publicación, distribución, etc. |
c2000. |
| 300 ## - DESCRIPCIÓN FÍSICA |
| Extensión |
vii, 230 p. : |
| Otras características físicas |
ill. (some col.) ; |
| Dimensiones |
28 cm. |
| 504 ## - NOTA DE BIBLIOGRAFÍA, ETC. |
| Nota de bibliografía, etc. |
Includes bibliographical references (p. 214-220) and index. |
| 505 ## - NOTA DE CONTENIDO CON FORMATO |
| Nota de contenido con formato |
Chapter 1. Saving an archetype --<br/>Chapter 2. Life before the terminal --<br/>Chapter 3. How Grand Central became grand --<br/>Chapter 4. Real estate and train travel --<br/>Chapter 5. Home to the nation --<br/>Chapter 6. Grand Central of the imagination --<br/>Chapter 7. The decline of Grand Central --<br/>Chapter 8. The restoration cast assembles --<br/>Chapter 9. Grand Central is reborn --<br/>Chapter 10. Grand Central as a bazaar --<br/>Chapter 11. Into the Twenty-first Century. |
| 520 ## - RESUMEN, ETC. |
| Sumario, etc. |
<br/>This is the story of Grand Central Terminal in New York City, a remarkable and beautiful building whose birth, survival, and restoration reflect the critical role architecture plays in the expansion of our cities. It begins with the historic struggle to save Grand Central in the wake of the destruction of Penn Station and in the face of economic forces in the real estate industry that were intent on its demise. There follows a chronological history of the previous two stations on the site, including construction of the present building. The text and photographs prvide a fascinating firsthand account of the $400 million restoration, enlivened by the grand and anecdotal stories that involve the great building |
| 610 20 - PUNTO DE ACCESO ADICIONAL DE MATERIA--NOMBRE DE ENTIDAD CORPORATIVA |
| Nombre de entidad corporativa o nombre de jurisdicción como elemento de entrada |
Grand Central Terminal (New York, N.Y.) |
| 610 20 - PUNTO DE ACCESO ADICIONAL DE MATERIA--NOMBRE DE ENTIDAD CORPORATIVA |
| Nombre de entidad corporativa o nombre de jurisdicción como elemento de entrada |
Warren & Wetmore. |
| 650 #0 - PUNTO DE ACCESO ADICIONAL DE MATERIA--TÉRMINO DE MATERIA |
| Término de materia o nombre geográfico como elemento de entrada |
Railroad stations |
| Subdivisión general |
Conservation and restoration |
| Subdivisión geográfica |
New York (State) |
| -- |
New York. |
| 650 #4 - PUNTO DE ACCESO ADICIONAL DE MATERIA--TÉRMINO DE MATERIA |
| Término de materia o nombre geográfico como elemento de entrada |
Estaciones de ferrocarril |
| Subdivisión general |
Conservación y restauración |
| Subdivisión geográfica |
Nueva York |
| 9 (RLIN) |
7769 |
| 651 #0 - PUNTO DE ACCESO ADICIONAL DE MATERIA--NOMBRE GEOGRÁFICO |
| Nombre geográfico |
New York (N.Y.) |
| Subdivisión general |
Buildings, structures, etc. |
| -- |
Conservation and restoration. |
| 700 1# - ENTRADA AGREGADA--NOMBRE PERSONAL |
| Nombre de persona |
Leighton, Maxinne Rhea. |
| 9 (RLIN) |
7741 |
| 906 ## - ELEMENTOS DE DATOS F LOCAL, LDF (RLIN) |
| a |
7 |
| b |
cbc |
| c |
orignew |
| d |
1 |
| e |
ocip |
| f |
19 |
| g |
y-gencatlg |
| 942 ## - ELEMENTOS DE ENTRADA SECUNDARIOS (KOHA) |
| Fuente del sistema de clasificación o colocación |
Clasificación de Library of Congress |
| Tipo de ítem Koha |
Libro |
| 946 ## - PROCESAMIENTO DE INFORMACIÓN LOCAL (OCLC) |
| Iniciales del agente catalogador |
LYD |